000 004210000a22001330004500
090 _aAR
_b04180
245 1 0 _aResponse of a dung beetle guild to different sizes of dung bait in a Panamanian rainforest
041 0 _aInglés
500 _a<Literatura de escarabajos coprófagos>
700 1 _aHowden, Henry F.
_998069
100 1 _aPeck, Stewart B.
_99423
942 _cARTICULO
773 1 _tBiotropica
_h3
_q235-238
_d1984
_g16
999 _c13277
_d13277